000 01434nam a2200325 a 4500
999 _c449485
_d449485
003 BLK
005 20240223160857.0
008 220317b bu |||||r|||| 00| | bu d
020 _a9789540915944
040 _aBLK
041 _aBUL
_cBUL
080 _aБългарска литература
_b821.163.2
_x-94
_z821.163.2-94
080 _aБългарски поборник и опълченец - Дядо Стати Попов
_b929 Попов, Стати
_z929 Попов, Стати
100 _9365750
_aМаринов, Марин
_eпърви автор
139 _aМаринов, Марин
_bП 76
245 _aДядо Стати Попов : спомени от живота и дейността му преди Освобождението
_cМарин Маринов
260 _9209473
_aСофия
_bЗахарий Стоянов
_c2022
300 _a287 с.
_bс ил., портр.
_c21 см
380 _aX
500 _aПълната форма на името на състав. Марин Маринов е Марин Маринов Панайотов
852 _aЦб 311877
_bЦб
852 _a821.163.2-94/П 76 С
_bП
852 _bК
_cК 821.163.2/П 76 С
942 _cKNG
_n0
_s1
_010
944 _aCR
_c2022-03-17
_k30531
_lЦветелина Шанова
944 _aED
_c2022-04-05
_kВП
944 _aED
_c2022-04-06
_kКети
999 _d449485
999 _d449485